MARC

LEADER 00000nam0a2200000 4500
001 300103
005 20231102001253.0
035 |a (RuTPU)RU\TPU\book\325256 
090 |a 300103 
100 |a 20150707d1982 km y0rusy50 ca 
101 1 |a rus  |c eng 
102 |a RU 
105 |a a z 001zy 
200 1 |a Экономика США в будущем (проблемы и прогнозы)  |e пер. с англ.  |f под ред. В. И. Данилова-Данильяна 
210 |a Москва  |c Прогресс  |d 1982 
215 |a 512 с.  |c ил. 
320 |a Библиогр.: с. 495-500 
320 |a Указ.: с. 510-512 
606 1 |a США  |x Экономика  |2 stltpush  |3 (RuTPU)RU\TPU\subj\37021  |9 58190 
610 1 |a глобальные проблемы 
610 1 |a экономические прогнозы 
610 1 |a экономические концепции 
610 1 |a экономический рост 
610 1 |a потребление 
610 1 |a электроэнергия 
610 1 |a электроэнергетика 
610 1 |a капиталовложения 
610 1 |a ценообразование 
610 1 |a финансирование 
686 |a У9(71США)  |v LBC/SL-A  |2 rubbk 
702 1 |a Данилов-Данильян  |b В. И.  |4 340 
801 1 |a RU  |b 63413507  |c 20150707 
801 2 |a RU  |b 63413507  |c 20191127  |g RCR 
942 |c BK